<?xml version="1.0" encoding="UTF-8"?>
<record
    xmlns:xsi="http://www.w3.org/2001/XMLSchema-instance"
    xsi:schemaLocation="http://www.loc.gov/MARC21/slim http://www.loc.gov/standards/marcxml/schema/MARC21slim.xsd"
    xmlns="http://www.loc.gov/MARC21/slim">

  <leader>01179nam a22002297a 4500</leader>
  <controlfield tag="001">BRCA_9234</controlfield>
  <controlfield tag="003">FranzMayer</controlfield>
  <controlfield tag="005">20220921133141.0</controlfield>
  <controlfield tag="008">220914b        |||||||| |||| 00| 0 eng d</controlfield>
  <datafield tag="040" ind1=" " ind2=" ">
    <subfield code="b">spa</subfield>
    <subfield code="c">MFM</subfield>
  </datafield>
  <datafield tag="041" ind1=" " ind2=" ">
    <subfield code="a">spa</subfield>
  </datafield>
  <datafield tag="050" ind1=" " ind2=" ">
    <subfield code="a">HD7288.78.M4 </subfield>
    <subfield code="b">V58 1988</subfield>
  </datafield>
  <datafield tag="245" ind1=" " ind2="3">
    <subfield code="a">La vivienda comunitaria en M&#xE9;xico / </subfield>
    <subfield code="c">Instituto del Fondo Nacional de la Vivienda para los Trabajadores</subfield>
  </datafield>
  <datafield tag="260" ind1=" " ind2=" ">
    <subfield code="a">M&#xE9;xico, D.F. : </subfield>
    <subfield code="b">Consorcio Editorial Comunicaci&#xF3;n, </subfield>
    <subfield code="c">1988</subfield>
  </datafield>
  <datafield tag="300" ind1=" " ind2=" ">
    <subfield code="a">359 pp. : </subfield>
    <subfield code="b">il. fot. map. planos ; </subfield>
    <subfield code="c">28 x 28 cm.</subfield>
  </datafield>
  <datafield tag="500" ind1=" " ind2=" ">
    <subfield code="a">Ubicaci&#xF3;n: L60-N2</subfield>
  </datafield>
  <datafield tag="520" ind1=" " ind2=" ">
    <subfield code="a">El objetivo de esta obra es el estudio de la vivienda comunitaria en M&#xE9;xico y su evoluci&#xF3;n a lo largo de nuestra Historia. el Instituto del Fondo Nacional de la Vivienda para los Trabajadores, ha tenido inter&#xE9;s en abordar este tema para realizar un primer intento por concentrar y sistematizar el conocimiento en la materia y difundirlo entre especialistas y p&#xFA;blico en general. </subfield>
  </datafield>
  <datafield tag="610" ind1=" " ind2=" ">
    <subfield code="a">INFONAVIT (Agency)</subfield>
    <subfield code="x">Viviendas sociales</subfield>
    <subfield code="x">Historia</subfield>
    <subfield code="z">M&#xE9;xico</subfield>
    <subfield code="9">28572</subfield>
  </datafield>
  <datafield tag="650" ind1=" " ind2=" ">
    <subfield code="a">Trabajadores</subfield>
    <subfield code="x">Viviendas</subfield>
    <subfield code="x">Historia</subfield>
    <subfield code="z">M&#xE9;xico</subfield>
    <subfield code="9">28573</subfield>
  </datafield>
  <datafield tag="942" ind1=" " ind2=" ">
    <subfield code="2">lcc</subfield>
    <subfield code="c">B</subfield>
  </datafield>
  <datafield tag="999" ind1=" " ind2=" ">
    <subfield code="c">10853</subfield>
    <subfield code="d">10853</subfield>
  </datafield>
  <datafield tag="952" ind1=" " ind2=" ">
    <subfield code="0">0</subfield>
    <subfield code="1">0</subfield>
    <subfield code="2">lcc</subfield>
    <subfield code="4">0</subfield>
    <subfield code="7">0</subfield>
    <subfield code="a">BRCA</subfield>
    <subfield code="b">BRCA</subfield>
    <subfield code="d">2022-09-14</subfield>
    <subfield code="l">0</subfield>
    <subfield code="o">HD7288.78.M4  V58 1988</subfield>
    <subfield code="p">CONT10023</subfield>
    <subfield code="r">2022-09-14 00:00:00</subfield>
    <subfield code="w">2022-09-14</subfield>
    <subfield code="y">B</subfield>
  </datafield>
</record>
